000 00663nam a22002057a 4500
999 _c175169
_d175169
005 20210726170028.0
010 _aENG-128344
020 _c939.00
_a9789353946142
035 _aEN-111876
037 _bDBAD/PUB
082 _a006.76
100 _a Sebesta , Robert W.
245 _aProgramming the World Wide Web/
_cby Robert W. Sebesta
250 _a8th ed.
260 _aNew Delhi
_bPearson
_c2021
270 _a15th floor,Tower-B,Word Trade Tower,Plot no.1,Block-C sec 16,
_bNoida
_e201301
_k04466540100
_mcompanysecretary.india@pearson.com
300 _a712p..
_c24cm(pbk)
500 _aincludes index
942 _2ddc
_cEN
_h006.76
_mSEB